000 00454nam a2200181Ia 4500
001 18177
005 20260306171611.0
008 260306s9999||||xx |||||||||||||| ||und||
041 _aESP
082 _a658.4012
_bS24
100 _aSánchez-Tabernero, Alfonso
_eAUT
245 0 _aDirección estratégica de empresas de comunicación
260 _c2000
300 _a375 páginas :
_c
650 _aGEN
654 _aCAN
942 _cLIB
_dJUS
_fJUS
_2ddc
_n
999 _c18177
_d18177